000 00679nam a2200217Ia 4500
003 GCL
008 140319s9999 xx 000 0 ara d
040 _aGCL /
_cGCL
082 0 4 _a966.52
_bم م
100 1 _aمحمد عبدالقادر احمد عطا
245 1 0 _aالمسلمون فى غينيا /
_cمحمد عبدالقادر احمد عطا
260 _a[S.N] :
_bلا يوجد ،
_c1986
300 _a238 ص
490 _aالمسلمون فى العالم
_v0
650 0 4 _aالاسلام
650 0 4 _aالتاريخ الاسلامى
650 0 4 _aالمسلمون
650 0 4 _aالحضارة الاسلامية
650 0 4 _aغينيا
942 _2ddc
_cBK
999 _c30766
_d30766